| 000 | 00923nam a22002657i 4500 | ||
|---|---|---|---|
| 001 | IT\ICCU\SBL\0546389 | ||
| 003 | ItRI | ||
| 005 | 20260115232317.0 | ||
| 008 | 910930s1966 it |||||| ||||| |||||c | ||
| 015 |
_2IT _a668864 |
||
| 040 |
_bita _cimportazione bologna sebina |
||
| 041 | 7 |
_aita _2ISO-639-2 |
|
| 082 |
_a843.91 _9NARRATIVA FRANCESE. SEC. 20. _216 |
||
| 100 | 1 |
_aGreen, Julien _0IT\ICCU\CFIV\031783 _4aut |
|
| 240 | 1 | 0 |
_aPartir avant le jour. - _3IT\ICCU\SBL\0546390 _9Green, Julien |
| 245 | 1 | 0 |
_aPartire prima di giorno / _cJulien Green. |
| 260 |
_aMilano : _bRizzoli, _c1966 |
||
| 300 |
_a241 p. ; _c23 cm |
||
| 500 | _aTrad. di Marina Valente. | ||
| 700 | 1 |
_aValente, Marina _0IT\ICCU\CFIV\009360 |
|
| 790 | 1 |
_aValente Braschi, Marina _3IT\ICCU\CFIV\026068 _zValente, Marina |
|
| 790 | 1 |
_aGreen, Julian _3IT\ICCU\UBOV\072687 _zGreen, Julien |
|
| 830 | 3 |
_aLa scala _0IT\ICCU\CFI\0000061 |
|
| 942 |
_2ddc _cBK _n0 |
||
| 999 |
_c20408 _d20408 |
||